Teória kvantovej gravitácie a teória relativity

Teoretický základ fyzikálneho poznávania vesmíru. Teória relativity a štruktúrna úroveň gravitácie a časopriestoru. Mikrosvet, makrosvet a megasvet v konceptuálnej forme klasickej vedy. Súčasná úroveň vedeckého poznania.

Guardado en:
Detalles Bibliográficos
Autor principal: Dubnička, Ján
Formato: Capítulo de libro
Lenguaje:eslovaco
Materias:
Etiquetas: Agregar Etiqueta
Sin Etiquetas, Sea el primero en etiquetar este registro!

MARC

LEADER 00000naa a2200000 4500
001 0128578
005 20231204092355.2
041 0 |a slo 
044 |a SK 
245 1 0 |a Teória kvantovej gravitácie a teória relativity  |c Ján Dubnička 
520 |a Teoretický základ fyzikálneho poznávania vesmíru. Teória relativity a štruktúrna úroveň gravitácie a časopriestoru. Mikrosvet, makrosvet a megasvet v konceptuálnej forme klasickej vedy. Súčasná úroveň vedeckého poznania. 
610 2 0 |a filozofia 
610 2 0 |a smery filozofické 
610 2 0 |a metódy poznania 
610 2 0 |a kategórie filozofické 
610 2 0 |a objekt 
610 2 0 |a pohyb 
610 2 0 |a čas 
610 2 0 |a priestor 
100 1 |a Dubnička, Ján